Caracterización de un colectivo de cuidadores informales de acuerdo a su percepción de la salud (Record no. 170797)
[ view plain ]
| 000 -CABECERA | |
|---|---|
| campo de control de longitud fija | 01771nab a2200349 a 4500 |
| 005 - FECHA Y HORA DE LA ÚLTIMA TRANSACCIÓN | |
| campo de control | 20210219162145.0 |
| 008 - ELEMENTOS DE LONGITUD FIJA--INFORMACIÓN GENERAL | |
| campo de control de longitud fija | 991125s1985 mx 000 0 spa u |
| 035 ## - NÚMERO DE CONTROL DEL SISTEMA | |
| Número de control de sistema | UPN01000198696 |
| 049 ## - COLECCIÓN | |
| Colección | ART-E |
| 100 1# - ASIENTO PRINCIPAL--NOMBRE PERSONAL | |
| Nombre de persona | Lorenzo, Trinidad |
| 100 1# - ASIENTO PRINCIPAL--NOMBRE PERSONAL | |
| Nombre de persona | Millán Calenti, José Carlos |
| 100 1# - ASIENTO PRINCIPAL--NOMBRE PERSONAL | |
| Filiación | jcmillan@udc.es |
| 100 1# - ASIENTO PRINCIPAL--NOMBRE PERSONAL | |
| Nombre de persona | Lorenzo López, Laura |
| 100 1# - ASIENTO PRINCIPAL--NOMBRE PERSONAL | |
| Filiación | laura.lorenzo.lopez@udc.es |
| 100 1# - ASIENTO PRINCIPAL--NOMBRE PERSONAL | |
| Nombre de persona | Maseda, Ana |
| 222 ## - TÍTULO CLAVE | |
| Título clave | APOSTA : REVISTA DE CIENCIAS SOCIALES |
| 245 ## - MENCIÓN DE TÍTULO | |
| Título | Caracterización de un colectivo de cuidadores informales de acuerdo a su percepción de la salud |
| 260 ## - PUBLICACIÓN, DISTRIBUCIÓN, ETC. | |
| Lugar de publicación, distribución, etc. | España |
| 362 0# - FECHAS DE PUBLICACIÓN Y/O DESIGNACIÓN SECUENCIAL | |
| Fecha de publicación y/o designación secuencial | 2014 No. 62, jul.-sept. |
| 336 ## - TIPO DE CONTENIDO | |
| Término de tipo de contenido | texto$2rdacontent |
| 337 ## - TIPO DE MEDIO | |
| Nombre/término del tipo de medio | computadora$2rdamedia |
| 338 ## - TIPO DE SOPORTE | |
| Nombre/término del tipo de soporte | recurso en linea$2rdacarrier |
| 520 3# - NOTA DE RESUMEN, ETC. | |
| Sumario, etc. | La salud autopercibida es un elemento clave a la hora de minimizar el impacto socioeconómico generado por el cuidado de personas mayores con dependencia. En este estudio, se pretende caracterizar a un colectivo de personas cuidadoras informales de acuerdo a dicha variable. Se realizó un estudio transversal con un grupo de cuidadores seleccionados por muestreo no probabilístico incidental, en el área urbana de A Coruña y área rural de Mondoñedo (Lugo). En nuestro estudio, el género y el hábitat se han mostrado como dos variables de gran relevancia a la hora de establecer las necesidades de apoyo de los cuidadores informales de acuerdo a su autopercepción de la salud. |
| 653 0# - TERMINO DE INDIZACION - NO CONTROLADO | |
| Término no controlado | SALUD |
| 653 0# - TERMINO DE INDIZACION - NO CONTROLADO | |
| Término no controlado | CUIDADORES INFORMALES |
| 653 0# - TERMINO DE INDIZACION - NO CONTROLADO | |
| Término no controlado | APOYO SOCIAL |
| 653 0# - TERMINO DE INDIZACION - NO CONTROLADO | |
| Término no controlado | ADULTOS MAYORES |
| 653 0# - TERMINO DE INDIZACION - NO CONTROLADO | |
| Término no controlado | CARACTERISTICAS SOCIODEMOGRAFICAS |
| 856 4# - LOCALIZACIÓN Y ACCESO ELECTRÓNICOS | |
| Identificador Uniforme del Recurso | <a href="http://www.apostadigital.com/revistav3/hemeroteca/jcmillan1.pdf">http://www.apostadigital.com/revistav3/hemeroteca/jcmillan1.pdf</a> |
| 905 ## - TIPO DE MATERIAL | |
| Tipo de material | Articulo |
No items available.
